Los '90 y el nuevo siglo en los sistemas de extensión rural y transferencia de tecnología públicos en el Mercosur /

Guardado en:
Autor Principal: Thornton, Ricardo Dominic.
Autor Corporativo: Instituto Nacional de Tecnología Agropecuaria (Argentina)
Formato: Libro
Idioma:Spanish
Publicado: Buenos Aires : INTA, 2006.
Etiquetas: Agregar Etiqueta
Sin Etiquetas, Sea el primero en etiquetar este registro!
LEADER 00621nam a22001575a 4500
001 EEA.libagro007629
008 130809s2006####ag#a##########000#0#spa#d
005 20200410113341.0
245 1 4 |a Los '90 y el nuevo siglo en los sistemas de extensión rural y transferencia de tecnología públicos en el Mercosur /  |c Ricardo Dominic Thornton. 
260 |a Buenos Aires :  |b INTA,  |c 2006. 
300 |a 406 p. :  |b il. ;  |c 23 cm. 
020 |a 9872289301 
100 1 |a Thornton, Ricardo Dominic. 
710 2 |a Instituto Nacional de Tecnología Agropecuaria (Argentina) 
082 0 4 |a 630.715 
859 |a AR-BbBCA  |b BIB. AGRONOMIA  |h 630.715  |i T514  |p 2006/5018